| 000 | 00446nam a2200121Ia 4500 | ||
|---|---|---|---|
| 008 | 200916s9999 xx 000 0 und d | ||
| 020 | _a978-971-9654-39-1 | ||
| 100 | _aCamilar-Serrano, Angelita O. | ||
| 245 |
_cAngelita Ong Camilar-Serrano.-- _aTotal quality management / |
||
| 260 |
_aManila : _bUnlimited Books Library Services & Publishing Inc. _c2016 |
||
| 300 |
_ax , 252 pages : _billustrations ; _c25 cm. |
||
| 650 | _aTotal quality management | ||
| 999 |
_c364271 _d364271 |
||